00299nam a2200109Ia 4500008004000000082001700040100002100057245004900078260003100127300001300158650001800171210210b1967 xxu||||| |||| 00| 0 eng d a820.301 SAHC aSAHITYA AKADEMI. aContemporary Indian short stories.Series II. aN DbSahitya Akademic1967 aviii,220 aShort Stories